Fundamentals of learning and memory
Αποθηκεύτηκε σε:
| Κύριος συγγραφέας: | |
|---|---|
| Μορφή: | Βιβλίο |
| Γλώσσα: | English |
| Δημοσίευση: |
San Diego, [Calif.] :
Harcourt Brace Jovanovich,
c1991
|
| Έκδοση: | 4th ed. |
| Θέματα: | |
| Ετικέτες: |
Προσθήκη ετικέτας
Δεν υπάρχουν, Καταχωρήστε ετικέτα πρώτοι!
|
MARC
| LEADER | 00000nam a2200000 i 4500 | ||
|---|---|---|---|
| 001 | 1/84953 | ||
| 008 | 981008s1991 eng d | ||
| 020 | |a 0-15-529445-8 | ||
| 035 | |l 10034573 | ||
| 035 | |a 1992 |b 2 |c Πολεμικός | ||
| 040 | |a GR-MY-UA |b gre |e aacr | ||
| 041 | 0 | |a eng | |
| 082 | 0 | |a 153.12 | |
| 100 | 1 | |a Houston, John P. | |
| 245 | 1 | 0 | |a Fundamentals of learning and memory / |c John P. Houston |
| 250 | |a 4th ed. | ||
| 260 | |a San Diego, [Calif.] : |b Harcourt Brace Jovanovich, |c c1991 | ||
| 300 | |a xiii, 498 p.; |b ill.; |c 25 cm | ||
| 504 | |a Περιέχει βιβλιογραφικές παραπομπές (σ. [417]-469) και ευρετήρια | ||
| 650 | 0 | 0 | |a Learning, Psychology of. |
| 650 | 0 | 0 | |a Memory. |
| 852 | |a INST |b RHODES |e 19981008 |h 153.12 HOU |p 005400008056 |q 005400008056 |t BK |y 0 | ||
| 909 | |a Ρ |b 023429 |c 1992 | ||